000 01247nam a22002177a 4500
008 240705e20240705xxk|||||o|||| 00| 0 eng d
041 _aeng
110 _aRoyal Institution of Chartered Surveyors
245 _aRICS Practice Alert - DPB Licenced Firms
_h[Email update]
260 _aLondon,
_bRoyal Institution of Chartered Surveyors,
_c3 May 2024
300 _aemail
490 _aRICS Practice Alert
520 _aThis Alert is to notify all RICS-regulated firms on the Designated Professional Body (DPB) Scheme that RICS has not received approval from the Financial Conduct Authority (FCA) for the proposed rule changes announced in February 2024. As such RICS is making making RICS-regulated firms on the DPB Scheme aware that the new rules will not come into effect on 10 May 2024. RICS will issue an update as soon as possible once FCA approval is provided.
650 _aDESIGNATED PROFESSIONAL BODY SCHEME
650 _aINSURANCE SERVICES
651 _aUnited Kingdom
690 _aRICS
_96277
710 _aRoyal Institution of Chartered Surveyors
856 _uhttps://www.rics.org/content/dam/ricsglobal/documents/regulation/RICS-Practice-Alert_DPB-Licenced-Firms_May-2024.pdf
_zView the online Practice Update
942 _n0
999 _c121964
_d121964